00447 2200181 4500001002100000008004100021035002000062245003800082100001900120250000600139260003800145300001200183020002200195084001400217082000800231650001400239990001200253INLIS000000000001171 ind  a0010-0524000406 aOptikacProf. Yohanes Surya, Ph.D aSurya, Yohanes a1 aTangerang :bPT. KandelcMei 2017 a183 hlm a978-602-6878-36-6 a535 YOH o a535 aNon Fiksi a0744933